| 000 | 00858nam a22002417a 4500 | ||
|---|---|---|---|
| 999 |
_c8045 _d8045 |
||
| 003 | AR-CdUCM | ||
| 008 | 190322b ||||| |||| 00| 0 spa d | ||
| 040 |
_aMUNICIPALIDAD PROVINCIAL DEL CUSCO _cBIBLIOTECA MUNICIPAL DEL CUSCO |
||
| 041 | _heng | ||
| 082 |
_a631.56 / _bW33 |
||
| 100 |
_aWatson J., Stephen _922736 |
||
| 245 | _aEl ensilaje / | ||
| 260 |
_aMexico : _bContinental, _c1963. |
||
| 300 |
_a183 paginas ; _bIlustraciones, _c23 cm. |
||
| 500 | _aTitulo original : Silage | ||
| 505 | _aContenido : Cambios bioquímicos durante el proceso del ensilaje -- Cultivos para ensilar -- Silos y otros depósitos -- Recolección de las cosechas para ensilar... | ||
| 650 |
_aEnsilaje _922737 |
||
| 650 |
_aCosechas _922738 |
||
| 650 |
_aCultivos _920217 |
||
| 700 |
_aVera y Zapata, Rodolfo (Traductor) _922739 |
||
| 942 |
_2ddc _cLIBROS |
||
| 945 | _awnts | ||